Normal view
MARC view
- Redmond, F. A .
Entry Personal Name
001 - CONTROL NUMBER
- control field: 1807
003 - CONTROL NUMBER IDENTIFIER
- control field: OSt
005 - DATE AND TIME OF LATEST TRANSACTION
- control field: 20161015110443.0
008 - FIXED-LENGTH DATA ELEMENTS
- fixed length control field: 161015|| aca||aabn | a|a d
040 ## - CATALOGING SOURCE
- Original cataloging agency: OSt
- Transcribing agency: OSt
100 ## - HEADING--PERSONAL NAME
- Personal name: Redmond, F. A .
670 ## - SOURCE DATA FOUND
- Source citation: Work cat.: (OSt)8494: Redmond, F. A ., Tachimetric Tables / , 1961.
